000 00506cam a2200169 4500500
005 20260405001601.0
041 _afre
042 _adc
100 1 0 _aPortevin, Catherine
_eauthor
245 0 0 _aLe Stupéfiant image
260 _c2013.
500 _a73
690 _aImage
690 _aRégis Debray
786 0 _nPhilosophie magazine | 73 | 10 | 2013-10-01 | p. 60-60 | 1951-1787
856 4 1 _uhttps://shs.cairn.info/magazine-philosophie-magazine-2013-10-page-60?lang=fr&redirect-ssocas=7080
999 _c2049015
_d2049015